000 00727cam a22002531 4500
999 _c6021
_d6021
001 8470933
003 OSt
005 20190111163220.0
008 740423s1966 xx 000 0 eng
010 _a 66019947
035 _a(OCoLC)864746
040 _aDLC
_cODaWU
_dDLC
042 _apremarc
050 0 0 _aBR115.E3
_bR48
082 _a261.85
_bR521c
100 1 _aRichardson, John R.
245 1 0 _aChristian economics;
_bstudies in the Christian message to the market place.
260 _a[Houston, Tex.,
_bSt. Thomas Press,
_c1966]
300 _a169 p.
504 _aBibliographical footnotes.
650 0 _aChristianity
_xEconomic aspects.
906 _a7
_bcbc
_coclcrpl
_du
_encip
_f19
_gy-gencatlg
942 _2ddc
_cBK